| 000 -LEADER |
| fixed length control field |
01737cam a2200325 a 4500 |
| 001 - CONTROL NUMBER |
| control field |
15196490 |
| 003 - CONTROL NUMBER IDENTIFIER |
| control field |
NUST |
| 005 - DATE AND TIME OF LATEST TRANSACTION |
| control field |
20221227180546.0 |
| 008 - FIXED-LENGTH DATA ELEMENTS--GENERAL INFORMATION |
| fixed length control field |
080227s2009 enka b 001 0 eng |
| 010 ## - LIBRARY OF CONGRESS CONTROL NUMBER |
| LC control number |
2008009167 |
| 020 ## - INTERNATIONAL STANDARD BOOK NUMBER |
| International Standard Book Number |
9780415375078 (hardback) |
| 020 ## - INTERNATIONAL STANDARD BOOK NUMBER |
| International Standard Book Number |
041537507X (hardback) |
| 020 ## - INTERNATIONAL STANDARD BOOK NUMBER |
| International Standard Book Number |
9780203891766 (ebook) |
| 020 ## - INTERNATIONAL STANDARD BOOK NUMBER |
| International Standard Book Number |
0203891767 (ebook) |
| 035 ## - SYSTEM CONTROL NUMBER |
| System control number |
(OCoLC)ocn213466048 |
| 040 ## - CATALOGING SOURCE |
| Original cataloging agency |
DLC |
| Transcribing agency |
DLC |
| Modifying agency |
BAKER |
| -- |
BTCTA |
| -- |
BWK |
| -- |
CDX |
| -- |
C#P |
| -- |
BWX |
| -- |
YDXCP |
| -- |
XVF |
| -- |
DLC |
| 050 00 - LIBRARY OF CONGRESS CALL NUMBER |
| Classification number |
JZ5665 |
| Item number |
.K53 2009 |
| 082 00 - DEWEY DECIMAL CLASSIFICATION NUMBER |
| Classification number |
355.02170954,KHA |
| Edition number |
22 |
| 100 1# - MAIN ENTRY--PERSONAL NAME |
| Personal name |
Khan, Saira. |
| 9 (RLIN) |
18814 |
| 245 10 - TITLE STATEMENT |
| Title |
Nuclear weapons and conflict transformation : |
| Remainder of title |
the case of India-Pakistan / |
| Statement of responsibility, etc. |
Saira Khan. |
| 260 ## - PUBLICATION, DISTRIBUTION, ETC. |
| Place of publication, distribution, etc. |
London ; |
| -- |
New York : |
| Name of publisher, distributor, etc. |
Routledge, |
| Date of publication, distribution, etc. |
2009. |
| 300 ## - PHYSICAL DESCRIPTION |
| Extent |
xiv, 202 p. : |
| Other physical details |
ill. ; |
| Dimensions |
25 cm. |
| 490 1# - SERIES STATEMENT |
| Series statement |
Asian security studies |
| 505 0# - FORMATTED CONTENTS NOTE |
| Formatted contents note |
Introduction (Page-1), Studies on conflict transformation (Page-9), Ramifications of nuclear weapons acquisition (Page-25), Elucidating conflict transformation with nuclear weapons (Page-39), The India-Pakistan protracted conflict (Page-61), Life-cycle of the protracted conflict (Page-61), Introduction of nuclear weapons into the conflict (Page-76), Crises and wars in the pre-nuclear period (Page-89), Crises and non-escalation in the nuclear period (Page-100), Futile peace initiatives in the midst of violence (Page-115), Conflict transformed (Page-128), Potential for conflict termination (Page-141), Conclusion (Page-154). |
| 650 #0 - SUBJECT ADDED ENTRY--TOPICAL TERM |
| Topical term or geographic name entry element |
Nuclear arms control. |
| 9 (RLIN) |
106111 |
| 650 #0 - SUBJECT ADDED ENTRY--TOPICAL TERM |
| Topical term or geographic name entry element |
Conflict management. |
| 830 #0 - SERIES ADDED ENTRY--UNIFORM TITLE |
| Uniform title |
Asian security studies. |
| 9 (RLIN) |
2033 |
| 856 41 - ELECTRONIC LOCATION AND ACCESS |
| Materials specified |
Table of contents only |
| Uniform Resource Identifier |
<a href="http://www.loc.gov/catdir/toc/ecip0813/2008009167.html">http://www.loc.gov/catdir/toc/ecip0813/2008009167.html</a> |
| 942 ## - ADDED ENTRY ELEMENTS (KOHA) |
| Source of classification or shelving scheme |
|
| Koha item type |
Book |
| Call number prefix |
355.02170954,KHA |